000 00457nam a2200157 4500
001 144818
003 ES-MaACL
005 20230906201115.0
007 t|
008 070214s1971 xxu r ||||1| eng d
100 1 _aSlavin, Morris.
_9106774
245 1 0 _aEmission spectrochemical analysis /
_cMorris Slavin.
260 _aNew York [etc.] :
_bWiley Interscience,
_c1971.
300 _aXI, 254 p. :
_bil. ;
_c24 cm.
852 _aES-MaACL
_jC-56345
_bR.89006
999 _c144818
_d144818